The internet of energy (Record no. 35888)

MARC details
000 -LEADER
fixed length control field 00641nam a2200181Ia 4500
020 ## - INTERNATIONAL STANDARD BOOK NUMBER
ISBN 9781774914199
050 ## - CALL MARK
Classification number TK 1005 .I55/
100 ## - STATEMENT OF RESPONSIBILITY--MAIN AUTHOR NAME
Personal name Edited by Sheila Mahapatra, Mohan Krishna S., B. Chandra Sekhar, Saurav Raj.
245 #4 - TITLE STATEMENT
Title The internet of energy
260 ## - PUBLICATION, DISTRIBUTION, ETC. (IMPRINT)
Place of publication Palm Bay
260 ## - PUBLICATION, DISTRIBUTION, ETC. (IMPRINT)
Name of publisher Apple Academic Press
260 ## - PUBLICATION, DISTRIBUTION, ETC. (IMPRINT)
Year of publication 2024
300 ## - PHYSICAL DESCRIPTION
Number of Pages 394 p
650 ## - SUBJECT ADDED ENTRY--TOPICAL TERM
Topical Term Electric power systems--Automatic control. Electric power distribution--Data processing. Energy conservation--Data processing. Internet of things. Sustainable engineering.
942 ## - ADDED ENTRY ELEMENTS (KOHA)
Koha item type Books
Holdings
Withdrawn status Lost status Source of classification or shelving scheme Damaged status Not for loan Permanent Location Current Location Shelving location Date acquired Accession Number Price effective from Koha item type
    Library of Congress Classification     NILE UNIVERSITY OF NIGERIA - MAIN LIBRARY NILE UNIVERSITY OF NIGERIA - MAIN LIBRARY Items on shelf 04/23/2025 0198039 04/23/2025 Books